00542nam a2200157Ia 4500999001700000082001200017100002100029245004900050260003300099300000800132650005500140650005600195710002100251942001200272952010000284 c19650d19650 aTC.0033 aChatterjee, Lata 0aRural urban relationship in Burdwan district c1969bUniversity of Calcutta a195 aUrban impact analysizIndiazBurdwan (West Bengal) aRural urban migrationzIndiazBurdwan (West Bengal) aChatterjee, S.P. cTH2ddc 00104070aNASSDOCbNASSDOCd2004-10-08l0oTC.0033p9433r2019-04-18 00:00:00w2019-04-18yTH